000 00851nam a2200217 4500
001 179935
003 ES-MaACL
005 20250820123229.0
008 120305q1868 sp |||| | spa d
100 1 _aSeco y Shelly, Manuel (
_dm. 1877)
_9149506
245 1 0 _aHistoria de un grano de trigo
_b: (memorias de un sabio) /
_cManuel Seco y Shelly. [Las abejas ; Una cacería de tigres / por Mery].
260 _aMadrid :
_bLibrería de Cuesta,
_c[1868?] (
_fImp. Universal)
300 _a238 p. ;
_c18 cm.
490 1 _aBiblioteca económica de instrucción y recreo
700 1 _aMéry, Joseph,
_d1797-1866
_980623
740 4 2 _aLas abejas.
740 4 2 _aUna cazería de tigres.
830 0 0 _aBiblioteca económica de instrucción y recreo
_9182441
852 _aES-MaACL
_jD-3577
_z.- Legado M. de La Fuente
999 _c179935
_d179935